01408nam a2200361 a 4500001001200000003000800012006001900020007001500039008004100054010001700095020001800112020002200130040002100152035002100173050002300194245009500217246003300312246001800345260005400363300003500417505009800452533015200550650001800702650002700720650002000747650001700767650003100784655002900815710004000844710001700884856012600901999001901027ebr10467713CaPaEBRm u cr cn|||||||||061206s2006 nyua fs 000 0 eng d z 2006287152 z9781568985824 z1568985827 (pbk.) aCaPaEBRcCaPaEBR a(OCoLC)78784257314aNC715b.F84 2006eb00aFresh dialogue sixh[electronic resource] :bnew voices in graphic design : friendly fire.30aNew voices in graphic design30aFriendly fire aNew York :bPrinceton Architectural Press,c2006. a127 p. :bill. (chiefly col.).2 aCrye Associates: Caleb Crye and Eric Fehlberg -- The 62: Matthew McGuiness and Hubert McCabe. aElectronic reproduction.bPalo Alto, Calif. :cebrary,d2013.nAvailable via World Wide Web.nAccess may be limited to ebrary affiliated libraries. 0aGraphic arts. 0aDesignersvInterviews. 0aCommercial art. 0aBook design. 0aPublishers and publishing. 7aElectronic books.2local2 aAmerican Institute of Graphic Arts.2 aebrary, Inc.40uhttp://site.ebrary.com/lib/rucke/Doc?id=10467713zAn electronic book accessible through the World Wide Web; click to view c131532d131532